| 000 | 00813nam a22001577a 4500 | ||
|---|---|---|---|
| 003 | OSt | ||
| 005 | 20150912145243.0 | ||
| 008 | 150912b xxu||||| |||| 00| 0 eng d | ||
| 040 | _cRUA | ||
| 082 | _aAGR OUK 1997 B018 Or.1 | ||
| 100 |
_9334 _aOUK, DUL |
||
| 245 | _aThe analysis of economic activities and food security situation of farm household in eastern ampilroung village ponhealeu district kandal province ការវិភាគសកម្មភាពសេដ្ឋកិច្ច និងស្ថានភាពសន្តិសុខស្បៀងរបស់គ្រួសារកសិករនៅភូមិអំពិលរូងខាងកើតស្រុកពញ្ខាឮកណ្ដាល | ||
| 260 |
_aPhnom Penh _bRUA _c1997 |
||
| 300 |
_a50p. _bill. _c29cm. |
||
| 942 |
_2ddc _cAGR |
||
| 999 |
_c313 _d313 |
||